| 000 | 01191nam0a2200265 4500 | ||
|---|---|---|---|
| 001 | rc\2688661 | ||
| 005 | 20260407083554.0 | ||
| 035 | _a(NLR Aleph) 006816960 | ||
| 090 |
_a6402942 _c6402942 |
||
| 100 | _a20110915d1933 |||y0rusy50 ca | ||
| 101 | 0 | _arus | |
| 102 | _aRU | ||
| 105 | _aa z ||||| | ||
| 200 | 1 |
_aОпыт морфологии водотоков в размываемом грунте _fпроф. д-р инж. Альфред Витольс (Латвия) _gIV Гидрологическая конференция Балтийских стран, Ленинград, сентябрь 1933 |
|
| 210 |
_a[Ленинград _cб. и. _d1933] _g1 тип. изд-ва Ленингр. облисполкома и Совета |
||
| 215 |
_a18 с., 1 л. черт. _d24 |
||
| 309 | _aНа обл.: 42 | ||
| 700 | 1 |
_aВитольс _bА. _gАльфред |
|
| 711 | 1 | 2 |
_aГидрологическая конференция Прибалтийских стран _d4 _f1933 _eЛенинград _3RU\NLR\AUTH\8810709 _9294031 |
| 801 | 0 |
_aRU _bNLR _gpsbo |
|
| 801 | 1 |
_aRU _bELAR _2rusmarc |
|
| 852 |
_aNLR _j34-18/107(42) |
||
| 942 | _cBOOK | ||
| 980 | _aNB | ||